| Tag |
First Indicator |
Second Indicator |
Subfields |
| LEADER |
00000cam a2200000 4500 |
| 001 |
in00000065346 |
| 005 |
20151008051828.0 |
| 008 |
720317s1954 nyu b 00000 eng u |
| 010 |
|
|
|a 52005081
|
| 035 |
|
|
|a (OCoLC)00265563
|
| 035 |
|
|
|9 AAH0231AM
|
| 040 |
|
|
|c WSU
|d TXA
|d UtOrBLW
|
| 049 |
|
|
|a TXAM
|c [232962]
|
| 050 |
|
0 |
|a HV9069
|b .B34
|
| 092 |
|
|
|a 364.36
|b B277j
|
| 100 |
1 |
|
|a Barron, Milton Leon,
|d 1918-
|
| 245 |
1 |
4 |
|a The juvenile in delinquent society.
|
| 250 |
|
|
|a [1st ed.].
|
| 264 |
|
1 |
|a New York :
|b Knopf,
|c 1954.
|
| 300 |
|
|
|a 349 pages
|
| 336 |
|
|
|a text
|b txt
|2 rdacontent
|
| 337 |
|
|
|a unmediated
|b n
|2 rdamedia
|
| 338 |
|
|
|a volume
|b nc
|2 rdacarrier
|
| 504 |
|
|
|a Includes bibliography.
|
| 650 |
|
0 |
|a Juvenile delinquency.
|
| 650 |
|
0 |
|a Juvenile delinquency
|z United States.
|
| 999 |
|
|
|a MARS
|
| 999 |
f |
f |
|s 83dc5652-266b-3c48-8f66-7b57f722ca4e
|i 2a7b49f2-6c94-3466-bab5-bca78d41a8ea
|t 0
|
| 952 |
f |
f |
|p normal
|a Texas A&M University
|b College Station
|c Sterling C. Evans Library
|d Evans: Library Stacks
|t 0
|e HV9069 .B34
|h Library of Congress classification
|i unmediated -- volume
|m A14828708556
|
| 998 |
f |
f |
|a HV9069 .B34
|t 0
|l Evans: Library Stacks
|